Why did that problem return? (Record no. 85194)
[ view plain ]
| 000 -LEADER | |
|---|---|
| fixed length control field | 00926cab a22002175a 4500 |
| 001 - CONTROL NUMBER | |
| control field | L160226 |
| 008 - FIXED-LENGTH DATA ELEMENTS--GENERAL INFORMATION | |
| fixed length control field | 190501e2019 xxk 000 0 eng d |
| 035 ## - SYSTEM CONTROL NUMBER | |
| System control number | (Sirsi) u160226 |
| 041 0# - LANGUAGE CODE | |
| Language code of text/sound track or separate title | eng |
| 100 1# - MAIN ENTRY--PERSONAL NAME | |
| Personal name | Parrett, Mike |
| 245 00 - TITLE STATEMENT | |
| Title | Why did that problem return? |
| 260 ## - PUBLICATION, DISTRIBUTION, ETC. | |
| Date of publication, distribution, etc. | 2019 |
| 490 ## - SERIES STATEMENT | |
| Series statement | RICS Property Journal |
| Volume/sequential designation | January-February 2019, 52-53(3) |
| 520 ## - SUMMARY, ETC. | |
| Summary, etc. | Highlights a range of issues and problems associated with long term empty vacant properties. According to the Ministry of Housing, Communities & Local Government the latest "Dwelling Stock Estimates 2017 England" there are over 605, 891 vacant properties in England on 2 October 2017,with vacand dsellings accouting for 2.5% of England's overall dwelling stock. |
| 590 ## - LOCAL NOTE (RLIN) | |
| Local note | NTK |
| 651 #4 - SUBJECT ADDED ENTRY--GEOGRAPHIC NAME | |
| Geographic name | United Kingdom |
| 690 ## - LOCAL SUBJECT ADDED ENTRY--TOPICAL TERM (OCLC, RLIN) | |
| Topical term or geographic name as entry element | Residential property |
| 9 (RLIN) | 6266 |
| 690 ## - LOCAL SUBJECT ADDED ENTRY--TOPICAL TERM (OCLC, RLIN) | |
| Topical term or geographic name as entry element | Commercial property |
| 9 (RLIN) | 6227 |
| 690 ## - LOCAL SUBJECT ADDED ENTRY--TOPICAL TERM (OCLC, RLIN) | |
| Topical term or geographic name as entry element | Property management |
| 9 (RLIN) | 6262 |
| 942 ## - ADDED ENTRY ELEMENTS (KOHA) | |
| Suppress in OPAC | 0 |
| Source of classification or shelving scheme | Dewey Decimal Classification |
| Withdrawn status | Lost status | Source of classification or shelving scheme | Damaged status | Not for loan | Home library | Current library | Shelving location | Date acquired | Total Checkouts | Full call number | Barcode | Date last seen | Copy number | Price effective from | Koha item type |
|---|---|---|---|---|---|---|---|---|---|---|---|---|---|---|---|
| Dewey Decimal Classification | London | London | Journals | 01/05/2019 | L160226 | 160226-3001 | 06/08/2019 | 1 | 06/08/2019 | Journal article |